• AIU
  • Tony Wilmot Memorial Library

Minister's service book for pulpit and parish / (Record no. 23692)

MARC details
000 -LEADER
fixed length control field 00953nam a22002651a 4500
001 - CONTROL NUMBER
control field 2506124
005 - DATE AND TIME OF LATEST TRANSACTION
control field 20110718124950.0
008 - FIXED-LENGTH DATA ELEMENTS--GENERAL INFORMATION
fixed length control field 921125t19931961miu f 000 0 eng
010 ## - LIBRARY OF CONGRESS CONTROL NUMBER
LC control number 92041321
-- 92041321
020 ## - INTERNATIONAL STANDARD BOOK NUMBER
International Standard Book Number 0802806503
035 ## - SYSTEM CONTROL NUMBER
-- (DLC) 92041321
040 ## - CATALOGING SOURCE
Original cataloging agency DLC
Transcribing agency DLC
Modifying agency DLC
050 00 - LIBRARY OF CONGRESS CALL NUMBER
Classification number BV25
Item number .M36 1993
082 00 - DEWEY DECIMAL CLASSIFICATION NUMBER
Classification number BV 25.M36 1992
Edition number 20
100 1# - MAIN ENTRY--PERSONAL NAME
Personal name McNeil, Jesse Jai.
245 10 - TITLE STATEMENT
Title Minister's service book for pulpit and parish /
Statement of responsibility, etc Jesse Jai McNeil.
250 ## - EDITION STATEMENT
Edition statement 1st paperback ed.
260 ## - PUBLICATION, DISTRIBUTION, ETC. (IMPRINT)
Place of publication, distribution, etc Grand Rapids, Mich. :
Name of publisher, distributor, etc W.E. Eerdmans,
Date of publication, distribution, etc 1993, c1961.
300 ## - PHYSICAL DESCRIPTION
Extent xiii, 249 p. ; 17 cm.
650 #0 - SUBJECT ADDED ENTRY--TOPICAL TERM
Topical term or geographic name as entry element Publishing - Africa, Eastern - Publishers.
906 ## - LOCAL DATA ELEMENT F, LDF (RLIN)
a 7
b cbc
c orignew
d 1
e ocip
f 19
g y-gencatlg
920 ## -
-- **LC HAS REQ'D # OF SHELF COPIES**
991 ## -
-- c-GenColl
-- BV25
-- .M36 1993
-- Copy 1
-- BOOKS
Holdings
Withdrawn status Lost status Source of classification or shelving scheme Damaged status Not for loan Collection code Home library Current library Shelving location Date acquired Cost, normal purchase price Total Checkouts Full call number Barcode Date last seen Copy number Price effective from Koha item type
    Library of Congress Classification     General Circulation AIU/NEGST - Tony Wilmot Memorial Library AIU/NEGST - Tony Wilmot Memorial Library General Stacks 10/16/2009 25.00   BV 25.M36 1992 R57802J3232 09/26/2019 1 10/16/2009 Books